Considérations sur l'optmisme 1759

Spremljeno u:
Bibliografski detalji
Format: Knjiga
Jezik:francuski
Izdano: París J. Vrin 1967
Izdanje:3a. ed
Serija:Bibliothèque des Textes Philosophiques
Teme:
Oznake: Dodaj oznaku
Bez oznaka, Budi prvi tko označuje ovaj zapis!

MARC

LEADER 00000nam a2200000 a 4500
001 UCZ4510
003 CL-VaPUC
005 20241219124541.0
008 951110e19670000FR |||||||||||||||||fre|d
999 |c 240883  |d 240881 
040 |c Pontificia Universidad Católica de Valparaíso 
082 0 4 |a 141  |b KAN  |2 21 
245 1 0 |a Considérations sur l'optmisme 1759 
246 1 3 |a L' unique fondement possible d'une démonstration de l'existence de Dieu 1763 
246 1 0 |a Sur l'insuccès de tous les essais de théodicée 1791 
246 1 3 |a La fin de toutes choses 1794 
250 |a 3a. ed 
260 |a París  |b J. Vrin  |c 1967 
300 |a 236 p 
490 0 |a Bibliothèque des Textes Philosophiques 
583 |a last modification  |c 19951110 00:00:00  |k Rodrigo Vera 
650 0 |a Idealismo  |9 265685 
650 0 |a Filosofía alemana   |9 265002 
650 0 |a Escuelas filosóficas   |9 266232 
650 0 |a Teología   |9 258766 
650 0 |a Creencia Religiosa  |9 316904 
650 0 |a Teodicea  |9 315235 
650 0 |a Religión   |9 255164 
852 |a BIBCUR 
942 |c BK  |2 ddc 
945 |d 19951110 00:00:00  |a cmena 
952 |0 0  |1 0  |4 0  |6 141_000000000000000_KAN_1967  |7 0  |8 P  |9 252945  |a BIBEDU  |b BIBEDU  |c BIBEDU_PB  |d 2019-11-19  |i 1598627  |o 141 KAN 1967  |p 1598627  |r 2024-01-25  |w 2019-11-19  |y BK  |k FIL